LEADER 01262nam a2200313 a 4500 001 000000129304 003 CaOOAMICUS 005 20120613151138.0 008 120613s2012 it a 000 0 ita r 040 $aPUL$bita 082 04$a750 100 1 $aMaiocchi, Maria Cristina.$0(OLS)http://pul/name/79396 245 10$aDegas /$cMaria Cristina Maiocchi. 250 $aEd. speciale per il Sole 24 Ore. 260 $aMilano :$bIl Sole 24 ore,$c2012$aFirenze :$bE-ducation.it S.p.a.,$c2012. 300 $a157 p. :$bill. ;$c21 cm 490 1 $aI grandi maestri ;$v15 500 $aIn custodia. 504 $aInclude riferimenti bibliografici. 600 14$aDegas, Edgar,$d1834-1917.$0(OLS)http://pul/subject/37674 830 2$aI grandi maestri ;$v15.$0(OLS)http://pul/title/162243 850 $aPUL 852 $aPUL$W1$xDP2 Cons. Gen., Altre Classi 3$y97$m750 COLL 2.15$j149733$qDDC 21$B148255$CPULBib$Z2$F148255 $H119951 $82 941 1 $a9 996 $6082$a750$9(OLS)http://pul/classification/363 996 $6245$aDegas$9(OLS)http://pul/title/158520 996 $6260$aMilano :$bIl Sole 24 ore$9(OLS)http://pul/publisher/69212 996 $6260$aFirenze :$bE-ducation.it S.p.a.$9(OLS)http://pul/publisher/81559 LEADER 01059nam a2200265 a 4500 001 000000163589 003 CaOOAMICUS 005 20171024103151.0 008 171024s1960 it u000 u fre r 032 $aLibriCat 040 $aPUL$bita 100 1 $aLutte, Gérard.$0(OLS)http://pul/name/8373 245 12$aL'orientation en Belgique /$cGérard Lutte. 260 $aRomae :$b[s.n.],$c1960. 300 $a43 p. ;$c24 cm. 502 $aEstratto da tesi. Pontificium Athenaeum Salesianum. Institutum Superius Paedagogiae. 1960. 504 $aBibliografia in nota a piè pagina. 651 4$aBelgio.$0(OLS)http://pul/subject/45025 710 2 $aPontificio Ateneo Salesiano$kTesi.$0(OLS)http://pul/name/105057 850 $aPUL 852 $aPUL$W1$xDP1 Tesi Pon. Univ. Salesiana$y46$mTH SAL 58$j187748$qTesi$B190830$CPULBib$Z2$F190830 $H20786 $82 941 1 $a16 996 $6245$aL'orientation en Belgique$9(OLS)http://pul/title/203297 996 $6260$aRomae :$b[s.n.]$9(OLS)http://pul/publisher/48223